Bách khoa tri thức quốc phòng toàn dân
Spremljeno u:
| Format: | Knjiga |
|---|---|
| Jezik: | Undetermined |
| Izdano: |
H.
CTQG
2003
|
| Teme: | |
| Oznake: |
Dodaj oznaku
Bez oznaka, Budi prvi tko označuje ovaj zapis!
|
| Thư viện lưu trữ: | Trung tâm Học liệu Trường Đại học Cần Thơ |
|---|
| LEADER | 00486nam a2200181Ia 4500 | ||
|---|---|---|---|
| 001 | CTU_56707 | ||
| 008 | 210402s9999 xx 000 0 und d | ||
| 020 | |b 495000 | ||
| 082 | |a 355.37 | ||
| 082 | |b B102 | ||
| 245 | 0 | |a Bách khoa tri thức quốc phòng toàn dân | |
| 260 | |a H. | ||
| 260 | |b CTQG | ||
| 260 | |c 2003 | ||
| 650 | |a armed forces,military art and science | ||
| 650 | |x reserves | ||
| 650 | |z vietnam | ||
| 980 | |a Trung tâm Học liệu Trường Đại học Cần Thơ | ||